|
|
|
|
| LEADER |
00648pam a22001938a 4500 |
| 001 |
00038071 |
| 005 |
20171026081023.0 |
| 008 |
170515s ||||||Viesd |
| 041 |
0 |
# |
|a Vie
|
| 082 |
1 |
4 |
|a 621.8
|b TH308K
|
| 100 |
1 |
# |
|a Nguyễn Trọng Hiệp
|
| 245 |
1 |
0 |
|a Thiết kế chi tiết máy
|c Nguyễn Trọng Hiệp, Nguyễn Văn Lẫm
|
| 250 |
# |
# |
|a Tái bản lần thứ 11
|
| 260 |
# |
# |
|a Hà Nội
|b Giáo dục
|
| 300 |
# |
# |
|a 215 tr.
|c 29 cm
|
| 852 |
# |
# |
|b Kho đọc
|j KD.0020171
|
| 852 |
# |
# |
|j KD.0020171
|
| 910 |
|
|
|d 15/05/2017
|
| 980 |
# |
# |
|a Trung tâm Học liệu Lê Vũ Hùng, Trường Đại học Đồng Tháp
|